[Event "Pushchino (Women) op"]
[Site "Pushchino"]
[Date "2012.09.09"]
[Round "7"]
[White "Sarycheva, Anastasia"]
[Black "Gvanceladze, Anna"]
[Result "0-1"]
[WhiteElo "1821"]
[BlackElo "2192"]
[PlyCount "38"]
[EventDate "2012.09.02"]
[EventType "swiss"]
[EventRounds "9"]
[EventCountry "RUS"]
[SourceTitle "CBM 150 Extra"]
[Source "ChessBase"]
[SourceDate "2012.10.19"]
[SourceVersion "1"]
[SourceVersionDate "2012.10.19"]
[SourceQuality "1"]

1. e4 c6 2. Nc3 d5 3. Nf3 Bg4 4. h3 Bxf3 5. Qxf3 Nf6 6. d3 e5 7. Bd2 Bb4 8. 0-0-0 d4 9. Ne2 Bxd2+ 10. Rxd2 Nbd7 11. g4 Qa5 12. a3 b5 13. g5 Ng8 14. c3 dxc3 15. Nxc3 Nc5 16. Qf5 Nb3+ 17. Kd1 b4 18. axb4 Qa1+ 19. Ke2 Nd4+ 0-1

[Event "Pushchino (Women) op"]
[Site "Pushchino"]
[Date "2012.09.05"]
[Round "3"]
[White "Smirnova, Ekaterina"]
[Black "Sarycheva, Anastasia"]
[Result "1-0"]
[WhiteElo "2142"]
[BlackElo "1821"]
[PlyCount "111"]
[EventDate "2012.09.02"]
[EventType "swiss"]
[EventRounds "9"]
[EventCountry "RUS"]
[SourceTitle "CBM 150 Extra"]
[Source "ChessBase"]
[SourceDate "2012.10.19"]
[SourceVersion "1"]
[SourceVersionDate "2012.10.19"]
[SourceQuality "1"]

1. e4 c5 2. Nf3 d6 3. d4 cxd4 4. Nxd4 Nf6 5. Nc3 a6 6. Be2 e5 7. Nb3 Be7 8. 0-0 0-0 9. Qd3 Be6 10. Nd5 Bxd5 11. exd5 Nbd7 12. Be3 Qc7 13. c4 Nc5 14. Nxc5 dxc5 15. Rfd1 Rfd8 16. Qc2 Rab8 17. Rac1 h6 18. a4 Bd6 19. g3 Qe7 20. b4 b6 21. a5 bxa5 22. bxa5 Rb7 23. Rb1 Rdb8 24. Rxb7 Qxb7 25. Bd3 Qb4 26. Bd2 Qb3 27. Rb1 Qxb1+ 28. Qxb1 Rxb1+ 29. Bxb1 Kf8 30. Bf5 Ne8 31. Bd7 Ke7 32. Bc8 Nc7 33. g4 Kd8 34. Bf5 Ne8 35. h4 Be7 36. h5 Nd6 37. Bd3 Kc7 38. Kg2 Nb7 39. Kf3 Kd6 40. Ke4 Bd8 41. Bc3 f6 42. Kf5 Ke7 43. Kg6 Kf8 44. Be4 Nxa5 45. Bxa5 Bxa5 46. d6 Bb6 47. Bc6 a5 48. f3 Bd8 49. Kf5 Kf7 50. Bd5+ Ke8 51. Ke6 Bb6 52. Bc6+ Kf8 53. Ba4 Bd8 54. Kd7 Bb6 55. Kc6 Bd8 56. Kxc5 1-0